书目信息 |
| 题名: |
迈向吏高的水平:英语能力测试题集 三级
|
|
| 作者: | 张泰金 主编 | |
| 分册: | ||
| 出版信息: | 上海 上海外语教育出版社 1999.07 |
|
| 页数: | 45页 | |
| 开本: | 16开 | |
| 丛书名: | ||
| 单 册: | ||
| 中图分类: | H310.42 | |
| 科图分类: | ||
| 主题词: | 英语 | |
| 电子资源: | ||
| ISBN: | 7-81046-627-5 | |
| 000 | 00614nam0 2200193 45 | |
| 001 | 0009302228 | |
| 005 | 20000930225639.0 | |
| 010 | @a7-81046-627-5@d4.80元 | |
| 100 | @a20000930d1999 km y0chiy0120 ea | |
| 101 | 0 | @achi |
| 105 | @a z 000yy | |
| 200 | 1 | @a迈向吏高的水平:英语能力测试题集 三级@AMai Xiang Li Gao De Shui Ping:Ying Yu Neng Li Ce ShiTi Ji San Ji@f张泰金主编@FZhang Tai Jin Zhu Bian |
| 210 | @a上海@c上海外语教育出版社@d1999.07 | |
| 215 | @a45页@d16开 | |
| 606 | 0 | @a英语 |
| 690 | @aH310.42@v3 | |
| 701 | 0 | @a张泰金@4主编 |
| 801 | @aCN@bPftUser@c20000930 | |
| 905 | @b165662-666@dH310.42@eZH358/3@f5 | |
| 迈向吏高的水平:英语能力测试题集 三级/张泰金主编.-上海:上海外语教育出版社,1999.07 |
| 45页;16开 |
| ISBN 7-81046-627-5:4.80元 |
| ● |
| 相关链接 |
|
|
|
正题名:迈向吏高的水平:英语能力测试题集三级
索取号:H310.42/ZH358/3
 
预约/预借
| 序号 | 登录号 | 条形码 | 馆藏地/架位号 | 状态 | 备注 |
| 1 | 165662 | 201656626 | 自科二线504/504自科库 46排2列5层/ [索取号:H310.42/ZH358/3] | 在馆 | |
| 2 | 165663 | 201656635 | 语言库209/ [索取号:H310.42/ZH358/3] | 在馆 | |
| 3 | 165664 | 201656644 | 自科二线504/504自科库 46排2列5层/ [索取号:H310.42/ZH358/3] | 在馆 | |
| 4 | 165665 | 201656653 | 自科二线504/504自科库 46排2列5层/ [索取号:H310.42/ZH358/3] | 在馆 | |
| 5 | 165666 | 201656662 | 自科二线504/504自科库 46排2列5层/ [索取号:H310.42/ZH358/3] | 在馆 |